000 00316nam a2200121Ia 4500
008 190216s9999||||xx |||||||||||||| ||und||
100 _aGupta S C And Kapoor V K
245 0 _aFundamentals Of Mathematical Statistics
260 _bSulthan Chand&Sons
_c1970
300 _a1103p
650 _aMathematics
942 _cBK
999 _c37187
_d37187